The Boy's Book of Adventure : (Record no. 4732)
[ view plain ]
| 000 -LEADER | |
|---|---|
| fixed length control field | 01098nam a22002897a 4500 |
| 001 - CONTROL NUMBER | |
| control field | 4732 |
| 003 - CONTROL NUMBER IDENTIFIER | |
| control field | FISKH |
| 005 - DATE AND TIME OF LATEST TRANSACTION | |
| control field | 20241127095909.0 |
| 008 - FIXED-LENGTH DATA ELEMENTS--GENERAL INFORMATION | |
| fixed length control field | 240926b cb ||||| |||| 00| 0 eng d |
| 020 ## - INTERNATIONAL STANDARD BOOK NUMBER | |
| International Standard Book Number | 9780545289962 |
| 040 ## - CATALOGING SOURCE | |
| Original cataloging agency | FISKH |
| Language of cataloging | eng |
| Transcribing agency | FISKH |
| Modifying agency | FISKH |
| 050 ## - LIBRARY OF CONGRESS CALL NUMBER | |
| Classification number | GV1204.B69 |
| 082 ## - DEWEY DECIMAL CLASSIFICATION NUMBER | |
| Classification number | 790.1 |
| 100 ## - MAIN ENTRY--PERSONAL NAME | |
| Personal name | Martin, Steve |
| Relator term | author |
| 245 ## - TITLE STATEMENT | |
| Title | The Boy's Book of Adventure : |
| Remainder of title | Are you ready to face the challenge ? / |
| Statement of responsibility, etc. | written by Steve Martin : illustrated by Simon Ecob |
| 250 ## - EDITION STATEMENT | |
| Edition statement | This edition first printing , September 2010 |
| 260 ## - PUBLICATION, DISTRIBUTION, ETC. | |
| Place of publication, distribution, etc. | New York : |
| Name of publisher, distributor, etc. | Scholastic ; |
| Date of publication, distribution, etc. | 2010 . |
| 300 ## - PHYSICAL DESCRIPTION | |
| Extent | 124 pages : |
| Other physical details | illustrations ; |
| Dimensions | 20 cm . |
| 505 ## - FORMATTED CONTENTS NOTE | |
| Formatted contents note | Z <br/> |
| 520 ## - SUMMARY, ETC. | |
| Summary, etc. | A humorous guide for boys that discusses all of the skills that are necessary for a life of adventure and excitement, including slaying a werewolf, escaping a capsized ship, tackling a komodo dragon, and diving for treasure. |
| 521 8# - TARGET AUDIENCE NOTE | |
| Target audience note | 1000 <br/> |
| Source | Lexile <br/> |
| 521 8# - TARGET AUDIENCE NOTE | |
| Target audience note | Z <br/> |
| Source | Raz-Plus <br/> |
| 650 ## - SUBJECT ADDED ENTRY--TOPICAL TERM | |
| Topical term or geographic name entry element | childhood |
| Form subdivision | non-fiction |
| 700 ## - ADDED ENTRY--PERSONAL NAME | |
| Personal name | Ecob, Simon |
| Relator term | illustrator |
| 942 ## - ADDED ENTRY ELEMENTS (KOHA) | |
| Source of classification or shelving scheme | Dewey Decimal Classification |
| Koha item type | Books |
| Suppress in OPAC | No |
| Withdrawn status | Lost status | Source of classification or shelving scheme | Damaged status | Not for loan | Collection | Home library | Current library | Shelving location | Date acquired | Total Checkouts | Full call number | Barcode | Date last seen | Copy number | Price effective from | Koha item type |
|---|---|---|---|---|---|---|---|---|---|---|---|---|---|---|---|---|
| Dewey Decimal Classification | Non-Fiction | Footprints International School Library Network Toul Kork Campus | Footprints International School Library Network Toul Kork Campus | TTP Secondary Non-Fiction Bookshelves | 09/26/2024 | MAR 790.1 GV1204.B69 | FIS01023 | 09/26/2024 | 1 | 09/26/2024 | Books | |||||
| Dewey Decimal Classification | Non-Fiction | Footprints International School Library Network Toul Kork Campus | Footprints International School Library Network Toul Kork Campus | TTP Secondary Non-Fiction Bookshelves | 09/26/2024 | MAR 790.1 GV1204.B69 | FIS00890 | 11/27/2024 | 2 | 09/26/2024 | Books |
